00613nam a2200181Ia 4500082002000000100001700020245004800037260004000085300001500125440003600140504003300176650003500209650003500244650002900279650005100308650005000359700002200409 a307.72082 MEH-; aMehra, Rekha 0aWomen and rural transformation: two studies aNew DelhibConcept Publishingc1983 axii, 176p. aProgramme of women's studies; 4 aIncludes index, bibliography aRural women - Palghat (Kerala) aLand reform - Palghat (Kerala) aWomen - Palghat (Kerala) aWomen and land use planning - Palghat (Kerala) aWomen in rural development - Palghat (Kerala) aRekha, Saradamoni